Ils ont joué chez Steven Spielberg - Statistiques

Statistiques générales
  • Ce quiz a été pris 93 fois
  • Le résultat moyen est 16 sur 30
Statistiques - réponses
Films de Spielberg Trois autres films Acteur.ice % Correct
Arrête-moi si tu peux, Le pont des espions, Le Terminal, Pentagon Papiers, Il faut sauver le soldat Ryan Philadelphia, Seul au monde, La ligne verte Tom Hanks
95%
Il faut sauver le soldat Ryan Seul sur Mars, Ocean's Eleven, Jason Bourne Matt Damon
90%
Quadrilogie Indiana Jones Blade Runner, Star Wars épisode IV : un nouvel espoir, Apocalypse Now Harrison Ford
89%
Minority Report, La guerre des mondes Magnolia, Né un quatre juillet, Top Gun Tom Cruise
85%
Hook Pretty Woman, Coup de foudre à Notting Hill, Erin Brockovich Julia Roberts
83%
Munich, Tintin et le secret de la licorne Skyfall, Millenium, À couteaux tirés Daniel Craig
79%
La liste de Schindler Batman Begins, Taken, Gangs of New York Liam Neeson
78%
Amistad Le silence des agneaux, The Father, Éléphant Man Anthony Hopkins
73%
IA Intelligence Artificielle, Pentagon Papers Le diable s'habille en Prada, Kramer vs Kramer, Mamma Mia Meryl Streep
70%
Indiana Jones et la dernière croisade Goldfinger, Les Incorruptibles, Le nom de la rose Sean Connery
70%
Lincoln There Will Be Blood, Le dernier des mohicans, Phantom Thread Daniel Day-Lewis
69%
Jurassic Park 1&2 La mouche, Independance Day, Thor Ragnarok Jeff Goldblum
67%
Empire du Soleil American Psycho, The Dark Knight, The Machinist Christian Bale
64%
La couleur pourpre Sister Act, Ghost, The Player Whoopi Goldberg
59%
Munich La Haine, Le fabuleux destin d'Amélie Poulain, Le cinquième Élément Mathieu Kassovitz
56%
Amistad Bruce Tout-Puissant, Les évadés, Miss Daisy et son chauffeur Morgan Freeman
56%
Indiana Jones et le crâne de cristal Tàr, Le seigneur des anneaux, La vie aquatique Cate Blanchett
48%
Il faut sauver le soldat Ryan Fast and Furious, Pitch Black, Le géant de fer Vin Diesel
48%
Amistad Interstellar, Magic Mike, le loup de Wall Street Matthew McConaughey
44%
Cheval de guerre Le Hobbit, Imitation Game, The Power of the Dog Benedict Cumberbatch
43%
The Fabelmans Shutter Island, Brokeback Mountain, Une semaine avec Marilyn Michelle Williams
41%
E.T. l'extra-terrestre Donnie Darko, Scream, Charlie et ses drôles de dames Drew Barrymore
32%
Le Terminal Avatar, Les gardiens de la galaxie Vol. 2, Star Trek Zoé Saldaña
32%
Lincoln Annette, Patterson, Frances Ha Adam Driver
25%
Les aventuriers de l'arche perdue Spider-man 2, Frida, Magnolia Alfred Molina
25%
West Side Story Baby Driver, Divergente, Nos étoiles contraires Ansel Elgort
25%
Pentagon Papers Better Call Saul, Les filles du Dr March, Nobody Bob Odenkirk
22%
Les dents de la mer, Rencontre du troisième type, Always Stand by Me, Le lauréat, American Graffiti Richard Dreyfuss
21%
1941, Indiana Jones et le temple maudit, La quatrième dimension SOS fantômes, Chaplin, les Blues Brothers Dan Aykroyd
15%
Ready Player One, Le Bon Gros Géant, Le pont des espions Don't Look Up, Dunkerque, Les 7 de Chicago Mark Rylance
9%
Aucun quiz correspondant
Distribution des résultats
% des personnes avec chaque résultat
Percentile par nombre de réponses
Votre historique - résultats
Vous n’avez pas pris ce quiz